Statistics for How famous objects got destroyed

Click here to take the quiz!

General Stats

  • This quiz has been taken 30 times
  • The average score is 6 of 11

Answer Stats

HintAnswer% Correct
TitanicIceberg
100%
HiroshimaAtomic bomb
92%
The Great Library of AlexandriaFire
77%
Twin TowersPlane crash
73%
ChernobylNuclear Explosion
69%
Colossus of RhodesEarthquake
50%
Banda AcehTsunami
42%
HerculaneumVolcanic eruption
42%
Statue of Saddam HusseinToppled by the people
19%
YungayAvalanche
8%
AberfanCoal Mine
4%

Score Distribution

Percentile by Number Answered

Percent of People with Each Score

Your Score History

You have not taken this quiz